Дело о содержании разными лицами буфетов в Малом театре

Доступно только в Электронных читальных залах Найти на картеНа карте
RUSMARC
00003966nmc2a22000003x 450
001cb1b0a16-3d5b-4536-bbfd-68c9f51f0dc3
00520181129115323.0
100##$a20170111l18261835k l0rusy0189 ca
1010#$arus
102##$aRU
2001#$aДело о содержании разными лицами буфетов в Малом театре
$j22 февраля 1826 г. - 3 мая 1835 г.
251##$cДело
300##$aДело
300##$aОриг. заголовок дела: Дело об отдаче в содержание буфетов в Малом театре. 22 февраля 1826 г. - 3 мая 1835 г
801#0$aRU
$bРГИА
$c20170111
$gRCR
801#1$aRU
$bГлавНИВЦ
$c20170111
$2rusmarc
801#2$aRU
$bПБ им. Б.Н. Ельцина
$c20181129
$gRCR
$2rusmarc
850##$aРГИА
852##$aРГИА
$eФедеральное казенное учреждение "Российский государственный исторический архив" (РГИА)
$j3078
937##$hРГИА
$d12234922
$aASBIBLIO_SCAN
462#0$1001dd3991dc-24e1-42ec-8838-ca4255420416
$12001
$aДирекция императорских театров (1746-1850 гг.)
$1251
$cОпись
$1852
$j1
461#0$10019264ebf8-de62-4f1a-9eb4-9f22098dbbd5
$12001
$aДирекция императорских театров Министерства императорского двора
$1251
$cФонд
$1852
$j497
215##$a190 л.
$d36,5х26 см
371##$aДокумент не является опубликованным и широко распространяемым
105##$ay###
1222#$ad
5171#$aДело об отдаче в содержание буфетов в Малом театре. 22 февраля 1826 г. - 3 мая 1835 г
035##$acb1b0a16-3d5b-4536-bbfd-68c9f51f0dc3
856##$uhttp://readingroom.main.prlib.ru/item.aspx?id_node=n121135501&mode=full
Формат отображения